The Tarot of the Bohemians. The most ancient book in the world: For the exclusive use of initiates. Translated by A.P. Morton

Kaydedildi:
Detaylı Bibliyografya
Yazar: Papus (Yazar)
Materyal Türü: Kitap
Dil:İngilizce
Baskı/Yayın Bilgisi: Londres Chapman and Hall, ld. 1892
Edisyon:1a. ed
Seri Bilgileri:Absolute key to occult science
Konular:
Etiketler: Etiketle
Etiket eklenmemiş, İlk siz ekleyin!

MARC

LEADER 00000nam a2200000 a 4500
001 UCJ5897
003 CL-VaPUC
008 070124e18920000UK |||||||||||||||||eng|d
082 0 4 |a 133  |b PAP  |2 21 
100 |a Papus  |e author  |9 511815 
245 1 4 |a The Tarot of the Bohemians. The most ancient book in the world: For the exclusive use of initiates. Translated by A.P. Morton 
250 |a 1a. ed 
300 |a xiv, 355 p 
942 |c BK 
945 |d 20070124 00:00:00  |a rinostro 
260 |a Londres  |b Chapman and Hall, ld.  |c 1892 
500 |a Front., llave de las Ciencias Ocultas; cartas del Tarot 
600 0 7 |a POSTEL, GUILLAUME  |2 CL-VaPUC  |9 511816 
600 0 7 |a GEBELIN, COURT DE  |2 CL-VaPUC  |9 511817 
600 0 7 |a ETTEILA  |2 CL-VaPUC  |9 511818 
600 0 7 |a LEVI, ELIFAZ  |2 CL-VaPUC  |9 511819 
600 0 7 |a VAILLANT, J.A.  |2 CL-VaPUC  |9 511820 
650 0 |a Ciencias ocultas   |9 333799 
650 0 |a Adivinación   |9 318474 
650 0 |a Tarot  |9 511821 
650 7 |a NUMEROLOGIA  |2 CL-VaPUC  |9 511822 
650 7 |a TEOSOFIA  |2 CL-VaPUC  |9 449380 
650 0 |a Simbolismo  |9 267046 
650 0 |a Ilustraciones  |9 369481 
583 |a last modification  |c 20070124 00:00:00  |k Rodrigo Vera 
490 0 |a Absolute key to occult science 
999 |c 322005  |d 322003 
952 |0 0  |1 0  |4 0  |6 133_000000000000000_PAP_1892  |7 0  |8 X  |9 400910  |a FDOBUD  |b FDOBUD  |d 2019-11-22  |i 1041177  |o 133 PAP 1892  |p 1041177  |r 2019-11-22  |w 2019-11-22  |y BK_X  |k BUD